| 000 | 00000nam 2200000za 4500 |
| 001 | 9.852889 |
| 003 | CaOODSP |
| 005 | 20221107154707 |
| 007 | cr ||||||||||| |
| 008 | 180305s1970 onc #ob f000 0 eng d |
| 040 | |aCaOODSP|beng |
| 043 | |an-cnm-- |
| 086 | 1 |aR32-460/1970E-PDF |
| 245 | 04|aThe significant Indian treaties of the Maritimes listing |h[electronic resource]. |
| 260 | |aOttawa : |bTreaties and Historical Research Centre, |c1970. |
| 300 | |a[1] p. |
| 500 | |a"March, 1970." |
| 500 | |aTitle from cover. |
| 500 | |aDigitized edition from print [produced by Indigenous and Northern Affairs Canada]. |
| 504 | |aIncludes bibliographical references. |
| 520 | |aList of significant treaties from the Maritimes including details such as the Indian signators, the purpose of the treaty, what the Indian People agreed to and what the Sovereign agreed to. |
| 692 | 07|2gccst|aIndians |
| 692 | 07|2gccst|aAgreements |
| 692 | 07|2gccst|aCanadian history |
| 710 | 2 |aTreaties and Historical Research Centre (Canada) |
| 710 | 1 |aCanada. |bIndian and Northern Affairs Canada. |
| 856 | 40|qPDF|s98 KB|uhttps://publications.gc.ca/collections/collection_2018/aanc-inac/R32-460-1970-eng.pdf |